Efecto de reguladores hormonales sobre el crecimiento y desarrollo en plántulas de vivero en especies Forestales (Registro nro. 687)
[ vista simple ]
| 000 -CABECERA | |
|---|---|
| Campo de control | 00735nam a2200217 a 4500 |
| 005 - FECHA Y HORA DE LA ULTIMA TRANSACCION | |
| Campo de control | 20191217041556.0 |
| 008 - ELEMENTOS DE LONGITUD FIJA—INFORMACION GENERAL | |
| Campo de control | 140221b1992 ck ||||| |||| 00| 0 spa d |
| 040 ## - FUENTE DE CATALOGACIÓN | |
| Agencia catalogadora original | CO-BoIAVH |
| Agencia transcriptora | CO-BoIAVH |
| 041 ## - IDIOMA | |
| Código de idioma para texto/pista de sonido o título separado | Español |
| 044 ## - PAÍS DE PUBLICACIÓN | |
| País de publicación | Colombia |
| 090 ## - CLASIFICACIÓN LOCAL | |
| Colección | IND- |
| 100 1# - ASIENTO PRINCIPAL--NOMBRE PERSONAL | |
| Nombre personal | Trujillo Navarrete, Enrique |
| 9 (RLIN) | 7783 |
| 245 10 - MENCION DE TITULO | |
| Título | Efecto de reguladores hormonales sobre el crecimiento y desarrollo en plántulas de vivero en especies Forestales |
| 260 ## - PUBLICACION, DISTRIBUCION, ETC. (PIE DE IMPRENTA) | |
| Lugar de publicación, distribución, etc. | Bogotá: |
| Nombre del editor, distribuidor, etc. | Inderena, |
| Fecha de publicación, distribución, etc. | 1992 |
| 300 ## - DESCRIPCION FISICA | |
| Extensión | 23 páginas, |
| Otros detalles físicos | folleto con fotografías a color |
| Dimensiones | 16 x 24 cm |
| 490 ## - MENCION DE SERIE | |
| Mención de serie | Investigaciones forestales, |
| Designación numérica/secuencial del volumen | 46 |
| 650 1# - ASIENTO SECUNDARIO DE MATERIA - TERMINO TEMATICO | |
| Término temático o nombre geográfico como elemento de entrada | Plantaciones forestales |
| 9 (RLIN) | 92198 |
| 650 1# - ASIENTO SECUNDARIO DE MATERIA - TERMINO TEMATICO | |
| Término temático o nombre geográfico como elemento de entrada | Viveros forestales |
| 9 (RLIN) | 8611 |
| 700 1# - ASIENTO SECUNDARIO - NOMBRE PERSONAL | |
| Nombre personal | Pinto Pinto, Gerardo |
| 9 (RLIN) | 8727 |
| 942 ## - ELEMENTOS ADICIONALES (KOHA) | |
| Tipo de ítem | Libro |
| Sistema de clasificación | Local |
| Withdrawn status | Lost status | Sistema de Clasificación | Damaged status | No para préstamo | Colección | Ubicación Permanente | Ubicación actual | Fecha de adquisición | Fuente de Valor | Total Checkouts | Número topográfico | Inventario / Código de Barras | Date last seen | Ejemplar | Price effective from | Forma de adquisición | Tipo de material |
|---|---|---|---|---|---|---|---|---|---|---|---|---|---|---|---|---|---|
| Local | Fondo Inderena | Bogotá | Bogotá | 07/08/1998 | Inderena | IND-90 | 000973 | 04/12/2012 | Ej. 1 | 04/12/2012 | Traslado Inderena | Libro |